| 000 | 00522nam a22001937a 4500 | ||
|---|---|---|---|
| 003 | OSt | ||
| 005 | 20160718191429.0 | ||
| 008 | 160718b xxu||||| |||| 00| 0 eng d | ||
| 020 | _a095364300x | ||
| 040 | _c040a | ||
| 082 |
_a230 _bPUL 1999 |
||
| 100 |
_aPulford, Cedric _910292 |
||
| 245 |
_aEating Uganda : _bfrom christianity to conquest / _cCedric Pulford |
||
| 260 |
_aOxon _bIturi publications _c1999 |
||
| 300 |
_a215p; _bill ; _c12 cm. |
||
| 504 | _aIncludes index | ||
| 650 |
_aUganda _97557 |
||
| 942 |
_2ddc _cO_SHELF |
||
| 999 |
_c4781 _d4781 |
||